Földalatti akna
Medzi Rakovcom a Nižným Hrošovom našli pod kopcom 2000 metrov dlhú a 4 metre širokú zachovanú šachtu, ktorú stavali dávni predkovia počas vojen a v prípade nebezpečenstiev sa v nej ukrývali.
| Médium: | Článok |
|---|---|
| Jazyk: | Hungarian |
| Témy: | |
| Zdroj: |
1. Felső-Zemplén : Társadalmi hetilap 1. Roč. 9, č. 12 (17.03.1904) s. 3 |
| LEADER | 00955nab#a2200301#ar4500 | ||
|---|---|---|---|
| 001 | 000076932 | ||
| 003 | SVKKK | ||
| 005 | 20060710xxxxxxx. | ||
| 008 | 06 c xo huno | ||
| FMT | |||
| 038 | |a SVKKK | ||
| 040 | |a SVKKK |b slo |e AACR2 | ||
| 041 | 0 | |a hun | |
| 044 | |a xo |c SK | ||
| 080 | |a 943.76 | ||
| 242 | 1 | 0 | |a Podzemná šachta |
| 245 | 0 | 0 | |a Földalatti akna |
| 520 | 2 | |a Medzi Rakovcom a Nižným Hrošovom našli pod kopcom 2000 metrov dlhú a 4 metre širokú zachovanú šachtu, ktorú stavali dávni predkovia počas vojen a v prípade nebezpečenstiev sa v nej ukrývali. | |
| 650 | 0 | 4 | |a tunel podzemný - Nižný Hrušov-Rakovec nad Ondavou - poslanie obranné - správy |
| 773 | 0 | |t Felső-Zemplén : Társadalmi hetilap |g Roč. 9, č. 12 (17.03.1904) s. 3 | |
| 957 | |a Nižný Hrušov | ||
| 957 | |a Rakovec nad Ondavou | ||
| 958 | |a DG | ||
| 958 | |a SK | ||
| 974 | |a Ba |d 20060710 | ||
| 992 | |a RBX | ||
| BAS | |||
| 998 | |a RETRO | ||